Pays les moins peuplés - Statistiques

Statistiques générales
  • Ce quiz a été pris 109 fois
  • Le résultat moyen est 8 sur 15
Statistiques - réponses
Hint Réponse % Correct
1 Vatican
95%
9 Monaco
85%
12 Andorre
82%
7 Saint-Marin
81%
4 Nauru
68%
3 Tuvalu
68%
14 Saint-Vincent-et-les-Grenadines
62%
10 Saint-Christophe-et-Niévès
60%
13 Antigua-et-Barbuda
51%
6 Palaos
49%
8 Îles Marshall
48%
15 Tonga
45%
11 Dominique
39%
5 Îles Cook
1%
2 Niue
1%
Aucun quiz correspondant
Distribution des résultats
% des personnes avec chaque résultat
Percentile par nombre de réponses
Votre historique - résultats
Vous n’avez pas pris ce quiz